| 000 | 00564nam a2200217Ia 4500 | ||
|---|---|---|---|
| 003 | GCL | ||
| 008 | 140319s9999 xx 000 0 eng d | ||
| 040 |
_aGCL / _cGCL |
||
| 082 | 0 | 4 |
_a725.5 _bH H |
| 100 | 1 | _aHOLDSWORTH, BILL | |
| 245 | 1 | 0 |
_aHEALTHY BUILDING: A DESIGN PRIMER FOR A LIVING ENVIRONMENT / _cHOLDSWORTH, BILL |
| 700 | 1 | _aSEALEY, ANTONY | |
| 260 |
_a[S.N] : _bLONGMAN ، _c1992 |
||
| 300 | _a148 P | ||
| 650 | 0 | 4 | _aENVIRONMENT |
| 650 | 0 | 4 | _aARTS |
| 650 | 0 | 4 | _aDESIGN |
| 650 | 0 | 4 | _aARCHITECTURE |
| 650 | 0 | 4 | _aBUILDINGS, HEALTH |
| 942 |
_2ddc _cBK |
||
| 999 |
_c21123 _d21123 |
||